=LDR 00000nam 2200000 4500 =001 INLIS000000000018929 =005 20260606112717 =035 ##$$a 0010-061300000018929 =008 260606################g##########0#ind## =041 ##$$a Ind =082 ##$$a 398.2 =090 ##$$a 398.2, Har a =100 ##$$a HARTATIK, Atik Sri =245 1#$$a Album cerita Indonesia, Atik Sri Hartatik =260 ##$$a Surabaya :$b Indah,$c 2000 =300 ##$$a ii, 199 hlm., ilus., 21 cm =650 #4$$a CERITA RAKYAT - INDONESIA =850 ##$$a NBPNMAT =084 ##$$a 398.2 HAR a =990 ##$$a 1200300840 =990 ##$$a 1036596